[Event "Hawaii op"]
[Site "Honolulu"]
[Date "1997.??.??"]
[Round "?"]
[White "Saidy, Anthony Fred"]
[Black "Dorsch, Thomas"]
[Result "1-0"]
[WhiteElo "2415"]
[BlackElo "2125"]
[PlyCount "81"]
[EventDate "1997.04.??"]
[EventType "swiss"]
[EventRounds "11"]
[EventCountry "USA"]
[SourceTitle "EXT 1998"]
[Source "ChessBase"]
[SourceDate "1997.11.17"]
[SourceVersion "1"]
[SourceVersionDate "1997.11.17"]
[SourceQuality "1"]

1. d4 Nf6 2. c4 g6 3. g3 Bg7 4. Bg2 0-0 5. Nc3 d6 6. Nf3 Re8 7. 0-0 e5 8. dxe5 dxe5 9. Qxd8 Rxd8 10. Nxe5 c6 11. Be3 Be6 12. Rad1 Nbd7 13. Nxd7 Nxd7 14. c5 Ne5 15. Bg5 Rd7 16. b3 h6 17. Bf4 Rad8 18. Rxd7 Rxd7 19. Ne4 g5 20. Be3 Bg4 21. Re1 f5 22. Nd6 Ng6 23. h3 f4 24. Bd2 Be6 25. Be4 Nf8 26. gxf4 Bd4 27. f5 Bf7 28. Bb4 Bh5 29. e3 Be5 30. Rc1 Nh7 31. Bd3 Nf6 32. Bc4+ Kf8 33. Be6 Rc7 34. Bc3 Bxc3 35. Rxc3 b5 36. e4 Ke7 37. e5 Nd7 38. Bxd7 Rxd7 39. Rg3 Rd8 40. f4 Rg8 41. Kf2 1-0

[Event "Hawaii op"]
[Site "Honolulu"]
[Date "1997.??.??"]
[Round "?"]
[White "Trabert, Bettina"]
[Black "Saidy, Anthony Fred"]
[Result "0-1"]
[WhiteElo "2250"]
[BlackElo "2415"]
[PlyCount "120"]
[EventDate "1997.04.??"]
[EventType "swiss"]
[EventRounds "11"]
[EventCountry "USA"]
[SourceTitle "EXT 1998"]
[Source "ChessBase"]
[SourceDate "1997.11.17"]
[SourceVersion "1"]
[SourceVersionDate "1997.11.17"]
[SourceQuality "1"]

1. e4 c6 2. d4 d5 3. exd5 cxd5 4. c4 Nf6 5. Nc3 Nc6 6. Nf3 g6 7. cxd5 Nxd5 8. Qb3 Nxc3 9. bxc3 Bg7 10. Be2 0-0 11. 0-0 Qc7 12. Bg5 Be6 13. Qb2 Na5 14. Rfe1 Bc4 15. Nd2 Bxe2 16. Rxe2 e6 17. Ne4 Nc4 18. Qb4 Rfc8 19. Nf6+ Bxf6 20. Bxf6 Nb6 21. Be5 Qxc3 22. Qxc3 Rxc3 23. d5 Rd3 24. dxe6 fxe6 25. g3 Rc8 26. Rb1 Rd7 27. Kg2 Rc6 28. Bb8 Nc8 29. Rb3 b6 30. Rbe3 Kf7 31. Rf3+ Ke7 32. Bf4 Rd5 33. h4 Nd6 34. Bg5+ Kd7 35. Rf8 Rc8 36. Rf6 Re8 37. Rf3 a5 38. a4 Rb8 39. Rfe3 Re8 40. Rb3 b5 41. axb5 Rxb5 42. Rxb5 Nxb5 43. Ra2 Ra8 44. Ra4 Nc3 45. Rd4+ Nd5 46. Ra4 Kc6 47. Bc1 Nb6 48. Rf4 Ra7 49. h5 gxh5 50. Rf6 Kd5 51. Rh6 Nc4 52. Rxh5+ e5 53. f4 a4 54. fxe5 a3 55. Bxa3 Nxa3 56. Kf3 Rf7+ 57. Kg4 Nc4 58. Rg5 Nxe5+ 59. Kh5 Rf6 60. Rg7 h6 0-1